000 00593nam a22001937a 4500
005 20260415093749.0
008 260415b |||||||| |||| 00| 0 eng d
020 _a978-1-3503-4043-5
082 _a174.962 R666 2024
100 _aRobison, Wade L.
_9490
245 _aEthics within engineering:
_ban introduction /
_cWade L. Robison
250 _a2nd ed,
260 _aLondon:
_bBloomsbury Academic,
_cc2024
300 _axviii, 237p.
504 _aIncludes bibliographies and index
541 _e8004 c.1
650 _aEngineering ethics
_9491
650 _aEngineer - Professional ethics
_9492
999 _c2597
_d2597